[Event "BL 0708 Godesberger SK - Bindl-Aktionär"]
[Site "?"]
[Date "2007.10.20"]
[Round "1.1"]
[White "Navara, David"]
[Black "Kasimdzhanov, Rustam"]
[Result "1/2-1/2"]
[WhiteElo "2656"]
[BlackElo "2683"]
[PlyCount "76"]
[EventDate "2007.??.??"]

1. d4 d5 2. c4 c6 3. Nc3 Nf6 4. Nf3 e6 5. Qd3 dxc4 6. Qxc4 b5 7. Qd3 Nbd7 8. e4
b4 9. Na4 Qa5 10. b3 c5 11. e5 Nd5 12. Bd2 cxd4 13. Rc1 Bb7 14. Nxd4 Be7 15.
Qg3 O-O 16. Bb5 Rfd8 17. O-O Nf8 18. Bc6 Qa6 19. Bb5 Qa5 20. Bc6 Qa6 21. Rc4
Rac8 22. Rfc1 Nb6 23. Nxb6 axb6 24. Bxb7 Qxb7 25. Rxc8 Rxc8 26. Rxc8 Qxc8 27.
Qf3 Ng6 28. Nc6 Bc5 29. g3 h6 30. h4 Qa6 31. Bxb4 Qxa2 32. Bxc5 bxc5 33. Kg2 h5
34. Qxh5 Qxb3 35. Qf3 Qb2 36. Qe3 Qb7 37. Qxc5 Nxe5 38. Qxe5 Qxc6+ 1/2-1/2

[Event "BL 0708 Godesberger SK - Bindl-Aktionär"]
[Site "?"]
[Date "2007.10.20"]
[Round "1.3"]
[White "Baramidze, David"]
[Black "Sprenger, Jan-Michael"]
[Result "1-0"]
[WhiteElo "2569"]
[BlackElo "2535"]
[PlyCount "73"]
[EventDate "2007.??.??"]

1. e4 c5 2. Ne2 e6 3. c3 Nf6 4. e5 Nd5 5. d4 cxd4 6. cxd4 d6 7. exd6 Bxd6 8.
Nbc3 Nxc3 9. Nxc3 O-O 10. Be3 Bd7 11. Bd3 Bc6 12. Qg4 f5 13. Qh3 Qf6 14. O-O-O
Na6 15. d5 exd5 16. g4 Be5 17. Kb1 Nb4 18. Bxf5 g6 19. f4 Bxc3 20. bxc3 gxf5
21. Rhg1 Qxc3 22. gxf5+ Kf7 23. Qxh7+ Ke8 24. f6 Qc2+ 25. Qxc2 Nxc2 26. Bc5 Kf7
27. Rg7+ Kxf6 28. Rdg1 Rh8 29. Kxc2 Rxh2+ 30. Kc3 Rh3+ 31. Kd4 Re8 32. R1g6+
Kf5 33. Rg5+ Kxf4 34. Bd6+ Kf3 35. Rf5+ Ke2 36. Rg2+ Ke1 37. Bb4+ 1-0

[Event "BL 0708 Godesberger SK - Bindl-Aktionär"]
[Site "?"]
[Date "2007.10.20"]
[Round "1.5"]
[White "Prusikin, Michael"]
[Black "Jenni, Florian"]
[Result "1/2-1/2"]
[WhiteElo "2569"]
[BlackElo "2527"]
[PlyCount "61"]
[EventDate "2007.??.??"]

1. Nf3 Nf6 2. c4 b6 3. g3 c5 4. Bg2 Bb7 5. O-O e6 6. Nc3 Be7 7. Re1 d5 8. d4
dxc4 9. dxc5 Qxd1 10. Rxd1 Nbd7 11. cxb6 Nxb6 12. Ne5 Bxg2 13. Kxg2 Bb4 14. Be3
Bxc3 15. bxc3 Nfd5 16. Bxb6 Nxb6 17. Rab1 O-O 18. Nd7 Rfd8 19. Nxb6 Rxd1 20.
Rxd1 axb6 21. Rd6 g5 22. Rxb6 Rxa2 23. Rb4 Rxe2 24. Rxc4 Kg7 25. h4 h6 26. h5
Rc2 27. g4 Kf6 28. Kf3 Ke5 29. Rc5+ Kd6 30. Rc8 f5 31. gxf5 1/2-1/2

[Event "BL 0708 Godesberger SK - Bindl-Aktionär"]
[Site "?"]
[Date "2007.10.20"]
[Round "1.7"]
[White "Bunzmann, Dimitri"]
[Black "Jackelen, Thomas"]
[Result "1/2-1/2"]
[WhiteElo "2529"]
[BlackElo "2432"]
[PlyCount "79"]
[EventDate "2007.??.??"]

1. d4 d5 2. c4 c6 3. Nc3 Nf6 4. e3 e6 5. Bd2 c5 6. cxd5 exd5 7. Nf3 a6 8. Ne5
Bd6 9. Be2 O-O 10. O-O Re8 11. f4 Nc6 12. Be1 Qb6 13. Na4 Qa7 14. Bc3 Bd7 15.
dxc5 Bxc5 16. Nxd7 Nxd7 17. Qxd5 Bxe3+ 18. Kh1 Rad8 19. Qg5 Bd4 20. Bf3 Nf6 21.
Rad1 h6 22. Qf5 Bxc3 23. Rxd8 Rxd8 24. bxc3 Ne7 25. Qa5 Rc8 26. Nb6 Rc7 27. Rb1
Qb8 28. Qe5 Ng6 29. Qd6 Ne8 30. Qd4 Re7 31. Nd5 Rd7 32. Re1 Qd8 33. g3 Nc7 34.
c4 Nxd5 35. cxd5 Ne7 36. Qa4 Kf8 37. Qb4 Kg8 38. Qa4 Kf8 39. Qb4 Kg8 40. Qa4
1/2-1/2

[Event "BL 0708 Godesberger SK - Bindl-Aktionär"]
[Site "?"]
[Date "2007.10.20"]
[Round "1.8"]
[White "Dranov, Alexander"]
[Black "Schneider, Ilja"]
[Result "1/2-1/2"]
[WhiteElo "2440"]
[BlackElo "2435"]
[PlyCount "40"]
[EventDate "2007.??.??"]

1. d4 Nf6 2. Nf3 e6 3. c4 c5 4. e3 d5 5. Nc3 Nc6 6. Be2 Bd6 7. O-O O-O 8. b3
cxd4 9. exd4 Ne4 10. Bb2 f5 11. cxd5 Nxc3 12. Bxc3 exd5 13. Ne5 Be6 14. Bf3 Rc8
15. Bb2 Qb6 16. Rc1 a5 17. Nxc6 Rxc6 18. Rxc6 bxc6 19. Bc3 Ra8 20. Re1 Bd7
1/2-1/2

[Event "BL 0708 Hamburger SK - TV Tegernsee"]
[Site "?"]
[Date "2007.10.20"]
[Round "1.1"]
[White "Volokitin, Andrei"]
[Black "Gustafsson, Jan"]
[Result "1/2-1/2"]
[WhiteElo "2678"]
[BlackElo "2606"]
[PlyCount "53"]
[EventDate "2007.??.??"]

1. d4 d5 2. Nf3 Nf6 3. c4 c6 4. Nc3 e6 5. Bg5 h6 6. Bh4 dxc4 7. e4 g5 8. Bg3 b5
9. Be2 Bb7 10. h4 g4 11. Ne5 h5 12. O-O Nbd7 13. Qc2 Nxe5 14. Bxe5 Bg7 15. b3
cxb3 16. axb3 O-O 17. Rfd1 Qe7 18. Bf4 Nd7 19. e5 f5 20. exf6 Nxf6 21. Bg5 c5
22. d5 exd5 23. Nxd5 Bxd5 24. Rxd5 Qe4 25. Rxc5 Qxc2 26. Rxc2 Ne4 27. Ra6
1/2-1/2

[Event "BL 0708 Hamburger SK - TV Tegernsee"]
[Site "?"]
[Date "2007.10.20"]
[Round "1.2"]
[White "Ftacnik, Lubomir Dr"]
[Black "Khenkin, Igor"]
[Result "1/2-1/2"]
[WhiteElo "2567"]
[BlackElo "2602"]
[PlyCount "46"]
[EventDate "2007.??.??"]

1. d4 d5 2. Nf3 c6 3. c4 dxc4 4. e3 Be6 5. a4 Nf6 6. Na3 Bd5 7. Nxc4 e6 8. Bd3
c5 9. Nce5 cxd4 10. exd4 Bb4+ 11. Bd2 Bxd2+ 12. Qxd2 O-O 13. O-O Nc6 14. b4 a5
15. Nxc6 Bxc6 16. Ne5 Bd5 17. bxa5 Qxa5 18. Qxa5 Rxa5 19. Rfc1 Rfa8 20. f3 Ne8
21. Nd7 Bc6 22. Nc5 Nd6 23. Rab1 g6 1/2-1/2

[Event "BL 0708 Hamburger SK - TV Tegernsee"]
[Site "?"]
[Date "2007.10.20"]
[Round "1.3"]
[White "Sokolov, Andrei"]
[Black "Kempinski, Robert"]
[Result "1/2-1/2"]
[WhiteElo "2582"]
[BlackElo "2587"]
[PlyCount "55"]
[EventDate "2007.??.??"]

1. e4 c5 2. Nf3 d6 3. d4 cxd4 4. Nxd4 Nf6 5. Nc3 a6 6. Be3 e5 7. Nf3 Be7 8. Bc4
O-O 9. O-O Nc6 10. Re1 b5 11. Bf1 Rb8 12. Bg5 Ng4 13. Bxe7 Nxe7 14. Qd2 Qc7 15.
Rad1 Rb6 16. a3 h6 17. h3 Nf6 18. Nh2 Be6 19. Bd3 Rd8 20. Nf1 d5 21. exd5 Nexd5
22. Nxd5 Rxd5 23. Ne3 Rd7 24. Qa5 Qb7 25. Bf5 Rc6 26. Rxd7 Qxd7 27. Rd1 Rd6 28.
Rxd6 1/2-1/2

[Event "BL 0708 Hamburger SK - TV Tegernsee"]
[Site "?"]
[Date "2007.10.20"]
[Round "1.5"]
[White "Rozentalis, Eduardas"]
[Black "Heinemann, Thies"]
[Result "1/2-1/2"]
[WhiteElo "2551"]
[BlackElo "2478"]
[PlyCount "63"]
[EventDate "2007.??.??"]

1. e4 c5 2. Nf3 d6 3. d4 cxd4 4. Qxd4 Nc6 5. Bb5 Bd7 6. Bxc6 Bxc6 7. Nc3 Nf6 8.
Bg5 e6 9. O-O-O Be7 10. Rhe1 O-O 11. Kb1 Qc7 12. Qd2 Rfd8 13. Nd4 a6 14. f3 Ne8
15. h4 h6 16. Bxe7 Qxe7 17. Nd5 Qf8 18. Nb6 Rab8 19. a4 Nc7 20. Qc3 Qe8 21. a5
Na8 22. Nxa8 Rxa8 23. Qb4 Rac8 24. Re3 Rd7 25. Red3 Qd8 26. g3 Kh7 27. Ne2 d5
28. Nc3 Qc7 29. f4 dxe4 30. Rxd7 Bxd7 31. Qxe4+ Kg8 32. Qb4 1/2-1/2

[Event "BL 0708 Hamburger SK - TV Tegernsee"]
[Site "?"]
[Date "2007.10.20"]
[Round "1.6"]
[White "Beikert, Guenther Dr"]
[Black "Teske, Henrik"]
[Result "1-0"]
[WhiteElo "2449"]
[BlackElo "2578"]
[PlyCount "83"]
[EventDate "2007.??.??"]

1. Nf3 c5 2. g3 g6 3. Bg2 Bg7 4. d4 cxd4 5. Nxd4 Nc6 6. Nb3 h5 7. h3 d6 8. O-O
f5 9. h4 Nf6 10. c4 Be6 11. c5 d5 12. Nd4 Bf7 13. Nc3 O-O 14. Bf4 Ng4 15. e3 e5
16. Bg5 Qd7 17. Ndb5 d4 18. exd4 exd4 19. Ne2 Bc4 20. Nd6 Ba6 21. Rb1 Be5 22.
b4 Bxd6 23. cxd6 Bc4 24. b5 Nce5 25. Be7 Rfe8 26. Rb4 Kh7 27. Re1 Rxe7 28. dxe7
Qxe7 29. Rxc4 Nxc4 30. Qxd4 Na3 31. Rc1 Nxb5 32. Qb2 Nd6 33. Nf4 Nf6 34. Qb4
Rd8 35. Re1 Qd7 36. Re6 Kg7 37. Rxf6 Kxf6 38. Qd4+ Ke7 39. Qe5+ Kf8 40. Qh8+
Ke7 41. Qg7+ Ke8 42. Qg8+ 1-0

[Event "BL 0708 Hamburger SK - TV Tegernsee"]
[Site "?"]
[Date "2007.10.20"]
[Round "1.7"]
[White "Bromberger, Stefan"]
[Black "Reeh, Oliver"]
[Result "1-0"]
[WhiteElo "2500"]
[BlackElo "2427"]
[PlyCount "81"]
[EventDate "2007.??.??"]

1. e4 c5 2. Nf3 d6 3. d4 cxd4 4. Nxd4 Nf6 5. Nc3 Nc6 6. Bg5 e6 7. Qd2 Be7 8.
O-O-O Nxd4 9. Qxd4 O-O 10. f4 Qa5 11. Bc4 Bd7 12. e5 dxe5 13. fxe5 Bc6 14. Bd2
Nd7 15. Nd5 Qd8 16. Nxe7+ Qxe7 17. Rhe1 Rfd8 18. Qg4 Nf8 19. Bd3 Rd5 20. Bb4
Qd8 21. Bd6 Ng6 22. Qg3 b5 23. Bf1 Rc8 24. Qe3 Qa5 25. a3 Nh4 26. Bb4 Qc7 27.
Qf2 Rxd1+ 28. Rxd1 Ng6 29. Bd6 Qb7 30. Rd4 Be4 31. c3 a6 32. h4 h6 33. h5 Nf8
34. Qh4 Bf5 35. g4 Qf3 36. Qh3 Be4 37. Qxf3 Bxf3 38. a4 Bc6 39. axb5 axb5 40.
Rb4 Ra8 41. Bxb5 1-0

[Event "BL 0708 Hamburger SK - TV Tegernsee"]
[Site "?"]
[Date "2007.10.20"]
[Round "1.8"]
[White "Sebastian, Dirk"]
[Black "Boensch, Uwe"]
[Result "0-1"]
[WhiteElo "2445"]
[BlackElo "2530"]
[PlyCount "180"]
[EventDate "2007.??.??"]

1. e4 c5 2. Nc3 Nc6 3. Nge2 d6 4. d4 cxd4 5. Nxd4 e6 6. Be2 Nf6 7. O-O Bd7 8.
Be3 Be7 9. f4 O-O 10. Kh1 Nxd4 11. Bxd4 Bc6 12. Bf3 Qd7 13. a4 Rfd8 14. Qe1 d5
15. e5 Ne4 16. Bxe4 dxe4 17. Rd1 Bb4 18. Qe2 Qxd4 19. Rxd4 Rxd4 20. f5 exf5 21.
Qf2 Bxc3 22. bxc3 Rd7 23. Qxf5 Re8 24. Qf4 h6 25. a5 a6 26. Kg1 Re6 27. Kf2 f6
28. Ke3 Rxe5 29. Qg4 Kh7 30. Rf5 Rdd5 31. Rxe5 Rxe5 32. h4 Rxa5 33. Qc8 h5 34.
Qd8 Re5 35. c4 a5 36. Qa8 a4 37. Qf8 Ra5 38. Qb4 Ra8 39. Qa3 Kg6 40. Kf4 Re8
41. Ke3 Rd8 42. Qa1 Kf7 43. Qc1 Ra8 44. Qa3 Ra5 45. Qc3 Rf5 46. Qe1 g5 47. Qg3
gxh4 48. Qc7+ Kg6 49. Qd8 Rg5 50. Kd4 e3 51. Qg8+ Kf5 52. Qc8+ Kf4 53. Qe6 Rg4
54. Qxf6+ Kg3+ 55. Kxe3 Re4+ 56. Kd3 Kxg2 57. Qg5+ Rg4 58. Qxh5 Rg3+ 59. Kd2 h3
60. Qe2+ Kh1 61. Qf1+ Kh2 62. Qf4 Kg2 63. Ke1 Rf3 64. Qg5+ Kh1 65. Ke2 a3 66.
c3 a2 67. Qa5 Kg2 68. Qg5+ Rg3 69. Qc1 Kh2 70. Kf2 Rg2+ 71. Ke3 Rg3+ 72. Kf2
Rf3+ 73. Ke2 Kg2 74. Qg5+ Rg3 75. Qc1 Bf3+ 76. Ke3 h2 77. Qd2+ Kh1 78. Qxa2
Bc6+ 79. Kf4 Rf3+ 80. Kg4 Kg1 81. Qa7+ Kg2 82. Qa2+ Rf2 83. Qa1 h1=Q 84. Qxh1+
Kxh1 85. Kg3 Rc2 86. Kf4 Rxc3 87. Ke5 Rxc4 88. Kd6 b5 89. Ke5 b4 90. Kd6 b3 0-1

[Event "BL 0708 Werder Bremen - SC Eppingen"]
[Site "?"]
[Date "2007.10.20"]
[Round "1.2"]
[White "Areshchenko, Alexander"]
[Black "Acs, Peter"]
[Result "1/2-1/2"]
[WhiteElo "2645"]
[BlackElo "2530"]
[PlyCount "75"]
[EventDate "2007.??.??"]

1. e4 c5 2. Nf3 d6 3. d4 cxd4 4. Nxd4 Nf6 5. Nc3 Nc6 6. Bc4 e6 7. O-O a6 8. a4
Be7 9. Be3 Nb4 10. Bb3 O-O 11. f4 e5 12. fxe5 Ng4 13. Qe2 Nxe5 14. Nf5 Be6 15.
Nxe7+ Qxe7 16. Nd5 Nxd5 17. exd5 Bd7 18. Qd2 b5 19. axb5 axb5 20. Rae1 Qd8 21.
Bd4 f6 22. h3 Qb8 23. Qb4 Re8 24. Re3 Re7 25. Rg3 Kh8 26. Kh2 Be8 27. Bc3 Bg6
28. Qh4 Kg8 29. Qd4 Qc7 30. Bb4 Nc4 31. Rf4 Rae8 32. Rc3 Re4 33. Rxe4 Rxe4 34.
Qf2 Qe7 35. Qg3 Qe5 36. Qxe5 fxe5 37. Kg1 Rd4 38. Bxc4 1/2-1/2

[Event "BL 0708 Werder Bremen - SC Eppingen"]
[Site "?"]
[Date "2007.10.20"]
[Round "1.3"]
[White "Guliyev, Namig"]
[Black "Meier, Georg"]
[Result "1/2-1/2"]
[WhiteElo "2571"]
[BlackElo "2546"]
[PlyCount "87"]
[EventDate "2007.??.??"]

1. e4 e6 2. d4 d5 3. Nc3 dxe4 4. Nxe4 Nd7 5. Nf3 Ngf6 6. Nxf6+ Nxf6 7. Be3 Nd5
8. Bd2 c5 9. dxc5 Bxc5 10. Bd3 Qc7 11. Qe2 Bd7 12. O-O Nf4 13. Bxf4 Qxf4 14. g3
Qc7 15. Ne5 Bc6 16. Nxc6 bxc6 17. Be4 Be7 18. Qc4 Rc8 19. Rad1 O-O 20. Rd3 Rfd8
21. Rfd1 g6 22. b4 Rxd3 23. Rxd3 c5 24. b5 Rd8 25. a4 Rxd3 26. Bxd3 Qa5 27. Qe4
Bf6 28. Kg2 Bd4 29. h4 Qd2 30. Qe2 Qxe2 31. Bxe2 Bc3 32. h5 Kf8 33. f4 Ke7 34.
h6 Kd6 35. Bf3 f5 36. Bc6 e5 37. Kf3 exf4 38. gxf4 Bd2 39. c4 g5 40. Bd5 g4+
41. Kg3 Be1+ 42. Kg2 Bd2 43. Kg3 Be1+ 44. Kg2 1/2-1/2

[Event "BL 0708 Werder Bremen - SC Eppingen"]
[Site "?"]
[Date "2007.10.20"]
[Round "1.5"]
[White "Vogt, Lothar"]
[Black "Nyback, Tomi"]
[Result "1/2-1/2"]
[WhiteElo "2473"]
[BlackElo "2567"]
[PlyCount "98"]
[EventDate "2007.??.??"]

1. e4 e5 2. Bc4 Nf6 3. d3 Nc6 4. Nc3 Bb4 5. Bd2 Bxc3 6. Bxc3 d5 7. exd5 Nxd5 8.
Qf3 Be6 9. Bb5 Qd6 10. Bxc6+ bxc6 11. Ne2 O-O 12. O-O f5 13. Rfe1 Rae8 14. Ng3
Bd7 15. Nf1 c5 16. Ne3 Nxc3 17. bxc3 Bc6 18. Qh5 Qf6 19. c4 Rd8 20. Qe2 Rfe8
21. Rab1 Rd4 22. Nd5 Qd6 23. Qf3 g6 24. h3 a6 25. c3 Bxd5 26. Qe3 Rh4 27. cxd5
Qxd5 28. c4 Qd6 29. Rb3 Rd4 30. Reb1 Rd8 31. Re1 Re8 32. Reb1 Kg7 33. g3 Re7
34. Qf3 f4 35. g4 Rd7 36. Re1 Re7 37. Re4 Rxe4 38. Qxe4 Qd4 39. Kg2 Qxe4+ 40.
dxe4 Re6 41. Rb7 Rc6 42. g5 h6 43. h4 hxg5 44. hxg5 Kf7 45. Kf3 Ke7 46. Rb8 Kd7
47. Rg8 Re6 48. a4 Kc6 49. a5 Kd7 1/2-1/2

[Event "BL 0708 Werder Bremen - SC Eppingen"]
[Site "?"]
[Date "2007.10.20"]
[Round "1.6"]
[White "Babula, Vlastimil"]
[Black "Meinhardt, Maximillian"]
[Result "1/2-1/2"]
[WhiteElo "2577"]
[BlackElo "2378"]
[PlyCount "110"]
[EventDate "2007.??.??"]

1. d4 e6 2. c4 d5 3. Nc3 c5 4. cxd5 exd5 5. Nf3 Nc6 6. g3 Nf6 7. Bg2 Be7 8. O-O
O-O 9. Bg5 c4 10. Ne5 Be6 11. Nxc6 bxc6 12. b3 Qa5 13. Qc2 Rac8 14. bxc4 dxc4
15. Ne4 Rfd8 16. Rfd1 Rd7 17. Bxf6 gxf6 18. e3 Qh5 19. Nd2 c5 20. d5 Bxd5 21.
Bxd5 Rxd5 22. Nxc4 Rcd8 23. Rxd5 Qxd5 24. Qe2 f5 25. Rc1 Qe4 26. Nd2 Qe6 27.
Nb3 Rd5 28. Rc4 Rd1+ 29. Qxd1 Qxc4 30. Qd7 Qe4 31. Nd2 Qc2 32. Qd5 Qd1+ 33. Kg2
Kg7 34. Qd3 c4 35. Qd7 Bf6 36. Qxf5 Qxd2 37. Qg4+ Kf8 38. Qxc4 Qc3 39. Qd5 Kg7
40. h4 Qe5 41. Qd1 Qe4+ 42. Kg1 Be5 43. a4 Bc3 44. Kh2 Qf5 45. Kg2 a5 46. Kg1
Qe4 47. Kh2 h6 48. Kg1 Be5 49. Qh5 Bc3 50. Qd1 Bb4 51. Kh2 Kg6 52. Kg1 h5 53.
Kh2 Qf5 54. Kg1 Kf6 55. Qd8+ Kg7 1/2-1/2

[Event "BL 0708 Werder Bremen - SC Eppingen"]
[Site "?"]
[Date "2007.10.20"]
[Round "1.7"]
[White "Miltner, Arndt"]
[Black "Pelletier, Yannick"]
[Result "0-1"]
[WhiteElo "2372"]
[BlackElo "2591"]
[PlyCount "56"]
[EventDate "2007.??.??"]

1. Nf3 d5 2. e3 Nf6 3. c4 e6 4. b3 Nbd7 5. Bb2 Bd6 6. Nc3 c6 7. Qc2 O-O 8. Be2
Qe7 9. O-O dxc4 10. bxc4 e5 11. Ng5 Re8 12. Nge4 Nxe4 13. Nxe4 Bc7 14. c5 f5
15. Ng3 g6 16. Bc4+ Kg7 17. f4 Nxc5 18. d4 exd4 19. exd4 Ne4 20. Nxe4 fxe4 21.
d5+ Kh6 22. Qe2 cxd5 23. g4 Bb6+ 24. Kh1 d4 25. g5+ Kg7 26. Qf2 e3 27. Qh4 Qe4+
28. Kg1 Bd7 0-1

[Event "BL 0708 SV Wattenscheid - SV Mülheim No"]
[Site "?"]
[Date "2007.10.20"]
[Round "1.4"]
[White "Bartel, Mateusz"]
[Black "Tregubov, Pavel V"]
[Result "1-0"]
[WhiteElo "2609"]
[BlackElo "2599"]
[PlyCount "99"]
[EventDate "2007.??.??"]

1. e4 c5 2. Nf3 Nc6 3. Nc3 Nf6 4. Bb5 g6 5. h3 Bg7 6. e5 Ng8 7. Bxc6 bxc6 8. d4
cxd4 9. Qxd4 f6 10. Bf4 Qb6 11. O-O-O Qxd4 12. Rxd4 fxe5 13. Bxe5 Nf6 14. Ne4
O-O 15. Bxf6 Bxf6 16. Nxf6+ Rxf6 17. Re1 e6 18. Rd2 Kf8 19. Ne5 Ke7 20. Red1 d5
21. Nxc6+ Kd6 22. Na5 Ba6 23. b4 Rf4 24. a3 Rc8 25. Kb2 g5 26. Nb3 Bc4 27. Nc5
Rg8 28. Re1 Rg6 29. Nb7+ Kc7 30. Na5 Bb5 31. Re3 h5 32. Rc3+ Kb6 33. Rc8 a6 34.
Rh8 Rgf6 35. Rxh5 Rxf2 36. Rxf2 Rxf2 37. Rh7 Bc6 38. Re7 Re2 39. Kc3 Ba8 40.
Kd3 Re1 41. a4 e5 42. c4 dxc4+ 43. Nxc4+ Kc6 44. Re8 Bb7 45. Rxe5 Rxe5 46.
Nxe5+ Kd6 47. Nf3 Bc6 48. a5 Ke7 49. Nxg5 Bxg2 50. Kd4 1-0

[Event "BL 0708 SV Wattenscheid - SV Mülheim No"]
[Site "?"]
[Date "2007.10.20"]
[Round "1.6"]
[White "Appel, Ralf"]
[Black "Berelovich, Alexander"]
[Result "1-0"]
[WhiteElo "2512"]
[BlackElo "2587"]
[PlyCount "182"]
[EventDate "2007.??.??"]

1. Nf3 Nf6 2. c4 c5 3. g3 d5 4. cxd5 Nxd5 5. Bg2 Nc6 6. Nc3 Nc7 7. O-O e5 8.
Ne1 Bd7 9. Nd3 Bd6 10. Ne4 Qe7 11. b4 cxb4 12. a3 O-O 13. axb4 Bxb4 14. Nxb4
Nxb4 15. d3 Bc6 16. Qb3 Ne6 17. Bd2 Nd5 18. Ra5 Rfd8 19. Qb2 f6 20. Qa2 Ndc7
21. Rb1 Qf7 22. Rxa7 Rxa7 23. Qxa7 Ra8 24. Qb6 Ra6 25. Qb2 Nd4 26. Nc3 b5 27.
Be3 Bxg2 28. Kxg2 h6 29. Kg1 Nce6 30. Bxd4 Nxd4 31. e3 Nf3+ 32. Kg2 Qb7 33. e4
Nd4 34. Nxb5 Rb6 35. Qa2+ Kh7 36. Nd6 Qb8 37. Rxb6 Qxb6 38. Nc4 Qb4 39. Qd2 Qb3
40. h4 h5 41. Ne3 Qb1 42. Qd1 Qxd1 43. Nxd1 g5 44. Ne3 Kg6 45. Nd5 Nc6 46. f4
gxh4 47. gxh4 Nd4 48. f5+ Kg7 49. Kf2 Kf7 50. Nc3 Kg7 51. Nb1 Nb3 52. Ke3 Nd4
53. Nd2 Nc2+ 54. Kf2 Nd4 55. Nf3 Nc2 56. Ke2 Kf7 57. Kd2 Na3 58. Kc1 Nb5 59.
Kb2 Ke7 60. Kb3 Kd6 61. Kb4 Na7 62. Kc4 Nc6 63. Kc3 Ke7 64. d4 exd4+ 65. Nxd4
Ne5 66. Kd2 Kf7 67. Ke2 Kg7 68. Ne6+ Kh6 69. Nf4 Nc4 70. Ng6 Na5 71. Kd3 Nb3
72. Kc3 Nc5 73. Kd4 Nb3+ 74. Kc4 Nd2+ 75. Kd5 Kg7 76. Kd4 Kh6 77. Ke3 Nf1+ 78.
Kf4 Nd2 79. e5 fxe5+ 80. Nxe5 Kg7 81. Nf3 Nc4 82. Kg5 Kf7 83. f6 Nd6 84. Nd2
Ke6 85. Kg6 Nf7 86. Nf3 Nd6 87. Ng5+ Kd7 88. Kxh5 Nf5 89. Nf3 Ke8 90. Kg6 Nd6
91. Ne5 Kf8 1-0

[Event "BL 0708 SV Wattenscheid - SV Mülheim No"]
[Site "?"]
[Date "2007.10.20"]
[Round "1.7"]
[White "Saltaev, Mihail"]
[Black "Holzke, Frank Dr"]
[Result "1/2-1/2"]
[WhiteElo "2522"]
[BlackElo "2489"]
[PlyCount "43"]
[EventDate "2007.??.??"]

1. e4 e5 2. Nf3 Nc6 3. Bb5 a6 4. Ba4 Nf6 5. d3 b5 6. Bb3 Be7 7. a4 Bb7 8. O-O
d6 9. Bd2 O-O 10. Re1 Qd7 11. Na3 Nd4 12. Nxd4 exd4 13. c3 dxc3 14. bxc3 c5 15.
f3 d5 16. e5 Ne8 17. d4 Nc7 18. f4 f5 19. Be3 Ne6 20. Nc2 c4 21. Ba2 bxa4 22.
Bb1 1/2-1/2

[Event "BL 0708 SV Wattenscheid - SV Mülheim No"]
[Site "?"]
[Date "2007.10.20"]
[Round "1.8"]
[White "Handke, Florian"]
[Black "Hausrath, Daniel"]
[Result "1/2-1/2"]
[WhiteElo "2497"]
[BlackElo "2494"]
[PlyCount "40"]
[EventDate "2007.??.??"]

1. e4 c5 2. Nf3 g6 3. d4 cxd4 4. Nxd4 Bg7 5. Nc3 Nc6 6. Be3 Nf6 7. Be2 O-O 8.
O-O d6 9. Nb3 Be6 10. f4 Na5 11. Kh1 Bc4 12. e5 Bxe2 13. Qxe2 dxe5 14. fxe5 Nd5
15. e6 Nxb3 16. exf7+ Rxf7 17. axb3 Rxf1+ 18. Rxf1 Nxc3 19. bxc3 Qd5 20. c4 Qe4
1/2-1/2

[Event "BL 0708 Solinger SG - SF Katernberg"]
[Site "?"]
[Date "2007.10.20"]
[Round "1.1"]
[White "Glek, Igor V"]
[Black "Stellwagen, Daniel"]
[Result "0-1"]
[WhiteElo "2540"]
[BlackElo "2631"]
[PlyCount "78"]
[EventDate "2007.??.??"]

1. e4 c5 2. Nc3 Nc6 3. f4 g6 4. Nf3 Bg7 5. a3 e6 6. b4 b6 7. e5 Nge7 8. Ne4 O-O
9. c3 d5 10. Nf6+ Bxf6 11. exf6 Nf5 12. b5 Na5 13. g4 Nd6 14. g5 d4 15. cxd4 c4
16. a4 Bb7 17. Bb2 Nf5 18. Bg2 Qc7 19. O-O Qxf4 20. Ne5 Qxg5 21. Qg4 Qxg4 22.
Nxg4 Rfd8 23. Rxf5 gxf5 24. Nh6+ Kf8 25. Kf2 Bxg2 26. Rg1 Ke8 27. Rxg2 e5 28.
Rg7 exd4 29. Ba3 Kd7 30. Nxf7 Rg8 31. Nh6+ Rxg7 32. fxg7 c3 33. dxc3 dxc3 34.
Ke2 c2 35. Kd2 Nc4+ 36. Kxc2 Nxa3+ 37. Kb3 Nb1 38. Kc2 Na3+ 39. Kb3 Nb1 0-1

[Event "BL 0708 Solinger SG - SF Katernberg"]
[Site "?"]
[Date "2007.10.20"]
[Round "1.4"]
[White "Sandipan, Chanda"]
[Black "Seel, Christian"]
[Result "1/2-1/2"]
[WhiteElo "2563"]
[BlackElo "2495"]
[PlyCount "83"]
[EventDate "2007.??.??"]

1. e4 e5 2. Nf3 Nc6 3. Bc4 Bc5 4. c3 Nf6 5. d3 a6 6. O-O d6 7. Bb3 Ba7 8. Be3
O-O 9. Nbd2 Ne7 10. Bxa7 Rxa7 11. d4 Ng6 12. Re1 Qe7 13. Nf1 Ra8 14. Ng3 Be6
15. Bc2 Rad8 16. Qd2 Bg4 17. Qe3 Rfe8 18. h3 Bc8 19. Rad1 Qf8 20. c4 c5 21.
dxc5 dxc5 22. Ba4 Bd7 23. Bxd7 Rxd7 24. Rxd7 Nxd7 25. Qb3 Qd6 26. Rd1 Qc6 27.
Qd3 Ndf8 28. Qd5 Ne6 29. Qxc6 bxc6 30. Rd7 Ra8 31. h4 Nd4 32. Nxd4 exd4 33. Rd6
Rc8 34. Nf5 Kf8 35. b4 cxb4 36. Nxd4 Ne5 37. c5 a5 38. f4 Nd3 39. Nxc6 Nxc5 40.
Nxa5 Nxe4 41. Rd4 Nc3 42. Rxb4 1/2-1/2

[Event "BL 0708 Solinger SG - SF Katernberg"]
[Site "?"]
[Date "2007.10.20"]
[Round "1.5"]
[White "Senff, Martin"]
[Black "Naumann, Alexander"]
[Result "1-0"]
[WhiteElo "2474"]
[BlackElo "2550"]
[PlyCount "67"]
[EventDate "2007.??.??"]

1. e4 e5 2. Nf3 Nc6 3. Bc4 Bc5 4. c3 Nf6 5. d3 d6 6. Bb3 O-O 7. Bg5 Bb6 8. Nbd2
Qe7 9. Nf1 Nd8 10. Ne3 c6 11. Nh4 Ne6 12. Nhf5 Qd8 13. h4 Bxe3 14. fxe3 d5 15.
Qf3 Nc5 16. Nh6+ Kh8 17. O-O-O Be6 18. Rhf1 a5 19. Bc2 Ncd7 20. Nf5 Bxf5 21.
Qxf5 dxe4 22. d4 exd4 23. Rxd4 Qe8 24. Rd6 Qe7 25. Rfd1 Rfd8 26. h5 h6 27. Bh4
Kg8 28. R1d4 Nf8 29. Bxf6 gxf6 30. Rxd8 Rxd8 31. Rxe4 Qd6 32. Rd4 Qe7 33. Rg4+
Kh8 34. Qf4 1-0

[Event "BL 0708 Solinger SG - SF Katernberg"]
[Site "?"]
[Date "2007.10.20"]
[Round "1.6"]
[White "Hoffmann, Michael"]
[Black "Siebrecht, Sebastian"]
[Result "1-0"]
[WhiteElo "2481"]
[BlackElo "2431"]
[PlyCount "55"]
[EventDate "2007.??.??"]

1. d4 d5 2. c4 c6 3. Nf3 Nf6 4. Nc3 e6 5. Bg5 h6 6. Bh4 g5 7. Bg3 dxc4 8. e4 b5
9. Be2 Bb7 10. O-O g4 11. Ne5 h5 12. Qc2 Qxd4 13. Rad1 Qc5 14. Rd8+ Kxd8 15.
Nxf7+ Ke8 16. Nxh8 e5 17. Kh1 Nbd7 18. f4 gxf3 19. Bxf3 Qe3 20. Ng6 Bd6 21. Nh4
Bf8 22. Nf5 Qg5 23. Qd1 Kf7 24. Bh4 Qg6 25. Nd6+ Bxd6 26. Bxh5 Be7 27. Qxd7
Qxh5 28. Bxf6 1-0

[Event "BL 0708 Solinger SG - SF Katernberg"]
[Site "?"]
[Date "2007.10.20"]
[Round "1.7"]
[White "Souleidis, Georgios"]
[Black "Ragger, Markus"]
[Result "0-1"]
[WhiteElo "2421"]
[BlackElo "2529"]
[PlyCount "92"]
[EventDate "2007.??.??"]

1. e4 e5 2. Nf3 Nc6 3. Bc4 Nf6 4. d3 Be7 5. O-O O-O 6. Bb3 d6 7. c3 d5 8. exd5
Nxd5 9. Re1 Bg4 10. h3 Bh5 11. g4 Bg6 12. Nxe5 Nxe5 13. Rxe5 c6 14. Bxd5 Bd6
15. Rg5 cxd5 16. Qf3 f5 17. gxf5 Be7 18. f6 Bxf6 19. Qxd5+ Rf7 20. Qxd8+ Rxd8
21. Rxg6 hxg6 22. Be3 Rxd3 23. Nd2 Rfd7 24. Rd1 Bd8 25. Kf1 Bb6 26. Ke2 Bxe3
27. fxe3 b5 28. h4 Kh7 29. a4 a6 30. axb5 axb5 31. e4 Kh6 32. Ke1 Kh5 33. Ke2
Rd8 34. Ke1 Re3+ 35. Kf2 Rxe4 36. Nxe4 Rxd1 37. b3 Kxh4 38. Ke2 Rb1 39. b4 g5
40. Nd6 g4 41. Nf5+ Kh3 42. Nxg7 g3 43. Nh5 g2 44. Nf4+ Kg3 45. Nxg2 Kxg2 46.
Kd3 Rd1+ 0-1

[Event "BL 0708 OSC Baden Baden - SC Kreuzberg"]
[Site "?"]
[Date "2007.10.21"]
[Round "2.2"]
[White "Movsesian, Sergei"]
[Black "Tischbierek, Raj"]
[Result "1-0"]
[WhiteElo "2667"]
[BlackElo "2487"]
[PlyCount "67"]
[EventDate "2007.??.??"]

1. e4 c5 2. Nc3 d6 3. Nge2 e5 4. g3 g6 5. d3 Bg7 6. Be3 Nc6 7. Bg2 Nge7 8. Qd2
Nd4 9. h3 O-O 10. g4 Be6 11. f4 f5 12. gxf5 gxf5 13. O-O-O Qa5 14. a3 Ng6 15.
fxe5 Nxe2+ 16. Qxe2 f4 17. Bd2 Bxe5 18. h4 Kh8 19. Rdf1 Qa6 20. h5 Ne7 21. Rh4
b5 22. Rhxf4 Bxf4 23. Bxf4 b4 24. Nb1 Ng8 25. axb4 cxb4 26. Be3 h6 27. Bd4+ Kh7
28. Rg1 Rf7 29. Bf3 Ne7 30. Rg6 Nxg6 31. hxg6+ Kxg6 32. Bh5+ Kh7 33. Bxf7 Bxf7
34. Qg4 1-0